| 000 | 00509nam a2200181Ia 4500 | ||
|---|---|---|---|
| 003 | GCL | ||
| 005 | 20240530102246.0 | ||
| 008 | 140319s9999 xx 000 0 ara d | ||
| 040 |
_aGCL / _cGCL |
||
| 082 | 0 | 4 |
_a811.9 _bس ب |
| 100 | 1 | _aسليم بركات | |
| 245 | 1 | 0 |
_aالبازيار: شعر / _cسليم بركات |
| 260 |
_a[S.N] : _bدار توبقال للنشر ، _c1991 |
||
| 300 | _a75 ص | ||
| 490 |
_aسلسلة النصوص الادبية _v0 |
||
| 650 | 0 | 4 | _aالشعر |
| 942 |
_2ddc _cBK |
||
| 999 |
_c30961 _d30961 |
||